|
|
|
|
| LEADER |
00000nam a22000007a 4500 |
| 005 |
20151216132522.0 |
| 007 |
cr|z|| ||u| |
| 008 |
151216s2013 ck ||||| |||| 00| 0 spa d |
| 020 |
|
|
|a 978-958-738-381-2
|
| 035 |
|
|
|a 12970
|
| 040 |
|
|
|a vLex
|
| 090 |
|
|
|c 5738
|d 5738
|
| 100 |
1 |
|
|a Holmes Trujillo Garca̕, Carlos
|
| 245 |
1 |
0 |
|a Contribucin̤ de la Universidad del Rosario al debate sobre salud en Colombia
|h [Recurso electrn̤ico] /
|c Carlos Holmes Trujillo Garca̕
|
| 256 |
|
|
|a Servicio en ln̕ea
|
| 260 |
|
|
|a Colombia
|b Editorial Universidad de Rosario (Colombia)
|c 2013
|
| 300 |
|
|
|a 1 recurso electrn̤ico (92 Pg̀inas.)
|
| 506 |
1 |
|
|a Contenido solo disponible en los productos indicados
|d vLex Global
|d vLex Global (Academic Edition, excluding Law Schools)
|d vLex Global (U.S. Academic Edition, Law Schools)
|d vLex Global (U.S. Academic Edition, excluding Law Schools)
|d vLex Global (Academic Edition, Law Schools)
|
| 650 |
0 |
4 |
|a Salud
|z Colombia
|
| 700 |
1 |
|
|a Torres Villarreal, Mara̕ Luca̕
|
| 740 |
0 |
|
|a vLex libros (servicio en ln̕ea)
|
| 856 |
4 |
0 |
|u http://vlex.com/source/contribucion-universidad-rosario-debate-salud-colombia-12970
|z Acceso restringido
|
| 942 |
|
|
|c BOOK
|
| 999 |
0 |
|
|a Health
|